000 00347nam a22001217a 4500
040 _cSY
082 _a577
100 _aVON MONIN; វន មុនិន្ទ
245 _aSilviculture in the tropics, រុក្ខវប្បកម្មនៅតំបន់ត្រូពិច
260 _aRUA
_bVON
_c1998
300 _a139p.
942 _cKB
999 _c9415
_d9415